000 01084nam a22002537a 4500
005 20170124102949.0
010 _aA-665737
020 _c70.00
_a8171460119
035 _aA-665737
037 _bCen Lib/Ret
040 _aDPL
_bHN
082 _a821
_bमुखोपा
100 _aमुखोपाध्याय, सुभाष
_99382
245 _aकाव्य जिज्ञासा तथा अन्य कविताऍ /
_cसुभाष मुखोपाध्याय
246 _aKavya Jigyasa taha anya kavitaien /
_bby Subash Mukhopadhyay
260 _aदिल्ली
_bअरुण प्रकाशन
_c1993
270 _aए-47 अमर कालोनी, लाजपत नगर
_bदिल्ली
_e110032
300 _a106पृ.
_c21सेमी (सजिल्द)
650 _aहिंदी साहित्य
_950885
650 _aहिंदी--काव्य
_950886
650 _aHindi literature
_950887
650 _aHindi--Poetry
_950888
942 _2ddc
_cHN
_h821
_mमुखोपा
999 _c113153
_d113153